Deutschmark Appreciation and Structural Change <An> Overview of Economic Structural Reports

Na minha lista:
Detalhes bibliográficos
Autor principal: Schmidt, Klaus-Dieter
Formato: Livro
Idioma:inglês
Publicado em: Kiel Institut für Weltwirtschaft 1997
Colecção:Kiel Working Paper No. 789
Assuntos:
Tags: Adicionar Tag
Sem tags, seja o primeiro a adicionar uma tag!

MARC

LEADER 00000nam a2200000 4500
001 c019460
005 20250521092909.4
041 0 |a eng 
044 |a DE 
245 1 0 |a Deutschmark Appreciation and Structural Change  |b <An> Overview of Economic Structural Reports  |c Klaus-Dieter Schmidt 
264 1 |a Kiel  |b Institut für Weltwirtschaft  |c 1997 
300 |a 29 s. 
490 1 |a Kiel Working Paper  |v No. 789 
830 0 |a Kiel Working Paper  |v No. 789 
610 2 0 |a zmeny štruktúrne 
610 2 0 |a modely štruktúrne 
610 2 0 |a OECD 
610 2 0 |a Nemecko 
610 2 0 |a marka 
610 2 0 |a mena 
610 2 0 |a peniaze 
100 1 |a Schmidt, Klaus-Dieter